000
00222nam a22000857a 4500
008
170208b xxu||||| |||| 00| 0 eng d
100
_9
2816
_a
Arora.S.
245
_a
Q.B.Computer Science-C++ XI
260
_a
New Delhi
_b
Dhanpat
_c
2010
999
_c
6031
_d
6031